| 000 | 00473nam a2200193Ia 4500 | ||
|---|---|---|---|
| 008 | 151119s9999||||xx |||||||||||||| ||und|| | ||
| 082 | _a891.462 | ||
| 082 | _bGKKV21667 | ||
| 100 | _aपवार जयंत | ||
| 245 | _aअधांतर | ||
| 260 | _a-- | ||
| 260 | _b-- | ||
| 260 | _c1999 | ||
| 600 | _aपवार जयंत | ||
| 630 | _aअधांतर | ||
| 700 | _aपवार जयंत | ||
| 730 | _aअधांतर | ||
| 942 | _cBOOK | ||
| 999 |
_c1074466 _d1074463 |
||